Picture processing by computer /

Guardado en:
Autor Principal: Rosenfeld, Azriel, 1931-
Formato: Libro
Idioma:English
Publicado: New York : Academic Press, 1969.
Series:Computer science and applied mathematics
Etiquetas: Agregar Etiqueta
Sin Etiquetas, Sea el primero en etiquetar este registro!
LEADER 00561cam a22001695 4500
001 MAT.inmabb002091
008 691024s1969####nyua#####b####001#0#eng#d
005 20170608120631.0
245 1 0 |a Picture processing by computer /  |c Azriel Rosenfeld. 
260 |a New York :  |b Academic Press,  |c 1969. 
300 |a x, 196 p. :  |b il. ;  |c 24 cm. 
440 0 |a Computer science and applied mathematics 
504 |a Incluye referencias bibliográficas. 
100 1 |a Rosenfeld, Azriel,  |d 1931- 
084 |a 68U10  |2 msc2000 
010 |a  78084255  
859 |h 68  |i R813  |p A-3743  |b BIB. MATEMATICA